000 00346nam a2200145Ia 4500
008 150201s2014 xx 000 0 und d
082 _a61072
_bN14B
100 _aBASAVANATHAPPA , BT.
245 _aNURSING RESEARSH & SATATISTIC
250 _a3RD
260 _bJAYPEE
_aDELHI
_c2014
300 _a878
650 _aRESEARCH
942 _2ddc
_cBK
_011
999 _c2327
_d2327